Normal view
MARC view
- Rangarajan R
Entry Personal Name
001 - CONTROL NUMBER
- control field: 5438
003 - CONTROL NUMBER IDENTIFIER
- control field: OSt
005 - DATE AND TIME OF LATEST TRANSACTION
- control field: 20180123134403.0
008 - FIXED-LENGTH DATA ELEMENTS
- fixed length control field: 180123|| aca||aabn | a|a d
040 ## - CATALOGING SOURCE
- Original cataloging agency: OSt
- Transcribing agency: OSt
100 ## - HEADING--PERSONAL NAME
- Personal name: Rangarajan R
670 ## - SOURCE DATA FOUND
- Source citation: Work cat.: (OSt): Rangarajan R, Together with science X, 2008